000 00805nas a2200277 4500
001 BR2014005904
003 BR-BrBNA
005 20231205124524.0
007 ta
008 230509b bl.|||p| |||| 00| 00por d
040 _aBR-BrBNA
_bpor
_cBiblioteca Nacional de Agricultura
041 _a(Pt)
072 _aH10; H20
100 1 _aParra, J.R.P.
100 1 _aReis, P.R.
245 1 _aManejo integrado para as principais pragas da cafeicultura no Brasil
650 _aCAFÉ
650 _aPRAGA DE PLANTA
650 _aDOENÇA DE PLANTA
650 _aBROCA
650 _aFERRUGEM
650 _aCONTROLE INTEGRADO
773 0 _tVisão Agrícola (Brazil)
_xISSN 1806-6402
_g(Jan-Jul 2013), v. 8(12) p. 47-50
_wBR2014005904
909 _a202311
_bLúcia
_c55
_dLúcia Elande
942 _2AGRIS
_n0
_cANA
999 _c239514
_d239514